000 02503cam a22002174a 4500
005 20250605164026.0
008 250528s ||||||||||||||||||||||||d
035 _a16505
020 _a9608386179
040 _aGR-AtMCL
_bgre
_dGR-AtMCL
_eAACR2
245 1 _aΤο Μικρό Βιβλίο για τα Τρόφιμα / Μια Εκρηκτική Αφήγηση για τα Τρόφιμα που Τρώμε Σήμερα
250 _a
260 _bΚέρκυρα,
_c2004
300 _a232
520 _aΤο παρόν βιβλίο καταπιάνεται με τα ζητήματα του πιάτου μας - με ό,τι επηρεάζει την τροφή μας: γενετική τροποίηση, τροφική αλυσίδα, αγροτικές επιδοτήσεις, παχυσαρκία και πολλά άλλα. Πρόλογος, Εισαγωγή, Χυλοπίτες Χύτρας και Πολιτισμός, Τροφική Πορνεία, Απολαμβάνοντας τη Θέα, Αργή Τροφή, Μακροβιοτική, Έδαφος και Διαλύματα, Γιατί Οργανική Γεωργία;, Επιδοτήσεις, Το Πεπτικό Σύστημα, Παχυσαρκία, Πολύ Γρήγορη και Πρόχειρη Τροφή, Εντατική Γεωργία, Θανατηφόρες Ασθένειες, Η (Όχι και Τόσο;) Πρασινη Επανάσταση, Τροφικά Μίλια και η Τροφική Αλυσίδα, Σουπερμάρκετ, Οικείες Γεύσεις, Γλυκά Τίποτα, Αγορές Χρηματιστηριακών Εμπορευμάτων, Θεμιτό Εμπόριο, Οι ΗΠΑ, Διακυβέρνηση, Φυτοφάρμακα, Ενέργεια, Οργανικά Φωσφορικά Άλατα, Οιστρογόνα, Γενετικά Τροποιημένα Τρόφιμα, Ψαρεύοντας για Τροφή, Η Μεταχείριση των Ζώων, Λειτουργικά Τρόφιμα, Αντιβιοτικά, Προσθετικά, Τα Πλήρη Δημητριακά, Διατροφή και Ποιότητα Τροφίμων, Η Τροφή του Εγκεφάλου, Υδρογόνωση του Λίπους, Μικροκύματα, Χορτοφάγοι, Νηστεία, Διαφορετικές Χώρες, Συσκευασία, Εκπαίδευση, Παραπομπές.
700 1 _aSams Craig
_92600
942 _cBK
999 _c1999
_d1999